00944naa a22002537a 4500003000400000005001700004008004100021020002600062040003700088082002800125100002100153245015000174260004100324300003400365650001500399650004900414650002200463650002200485650002400507650002100531650002500552773005700577856005600634OSt20250513063758.0250505t2023 |||o||||o| || 00| ||e|g dd d a978- 1- 003- 21300- 0 cJMCFI - Learning Resource Center aeBook/Ed. 378 H789 2023 aHooley, Tristram aChapter 3 the future isn’t what it used to be! revisiting the changing world of work after covid- 19h[electronic resource] /cTristram Hooley. aNew York :bTaylor & Francis,c2023. a1 online resource (15 pages). aEducation. aEducational administration and organization. aCareers guidance. aHigher education. aTertiary education. aEducation eBook. aeBook (Open access). tMapping the Future of Undergraduate Career Education uhttps://library.oapen.org/handle/20.500.12657/61150